000 01103nam a22002295i 4500
001 152069
003 ES-MaACL
005 20250726075508.0
008 990423s1872 fr |||| | san d
040 _aCCPB | B
_bspa
_cCCPB | B
100 1 _aJagannatha Panditaraja.
_9146093
245 1 3 _aLe Bhâminî-Vilâsa
_b: recueil de sentences du pandit Djagannâtha /
_ctexte sanscrit publié pour la premiêre fois en entier avec une traduction en français et des notes par Abel Bergaigne.
260 _aParis :
_bLibrairie A. Franck,
_c1872 (
_fNogent-Le-Rotrou, Imprimerie de A. Gouverneur)
300 _a124 p. ;
_c24 cm.
490 1 _aBibliothéque de l'école des hautes études. Sciences philologiques et historiques ;
_vfasc. 9
546 _aTexto en sánscrito y francés ;
_bAlfabeto sánscrito.
700 0 _aBergaigne, Abel.
_927922
830 0 0 _aBibliothèque de l'École des Hautes Études. Sciences historiques et philologiques
_vfasc. 9
_9229685
852 _aES-MaACL
_jC-7554
_z-- Enc. hol., conservando la cub. original
999 _c152069
_d152069